01415nam a2200205Ia 450000500170000000800410001704000440005804100080010208200150011010000340012524500400015926000510019930000230025050005320027350502280080550600210103365000440105465000540109865000570115220150909152858.0130821s1922 ck fr 1 spa d aCo-BoUCMbspacSandra YazodSandra Yazo0 aspa04a370.192201 aMora, Luis Maríad1869-193610aEl alma nacionalcLuis María Mora aBogotá (Colombia)bEditorial de Cromosc1922 a248, [1] páginas aDetalles físicos: Encuadernación rígida en cartón forrada en cuero. Lomo con tejuelo y adornos en dorado. Guardas simulando papel de agua. Portada impresa a una sola tinta. Texto en una columna. Algunas notas al final de página. Cantos decorados. Anotación manuscrita en hoja de cortesía "Para la biblioteca del Colegio Mayor de Nuestra Señora del Rosario. Luis María Mora. Bogotá, Agosto de 1982". Ej.2 conserva la encuadernación original, en cartulina, tapa delantera suelta, hojas de tamaño iregular0 aDios y religión ; La patria ; La lengua materna ; La república ; El maestro y la escuela ; El carácter ; El culto de los héroes ; Himno nacional y cantos patrióticos ; Historia patriótica y geografía ; La raza aConsulta en sala 7aDemocraciavEnsayos, conferencias, etc. 7aEducación cívicavEnsayos, conferencias, etc. 7aPatriotismoxDemocraciavEnsayos, conferencias, etc.